1つの自治体内で完結する鉄道路線 - Statistics

General Stats
  • This quiz has been taken 296 times
    295 since last reset
  • The average score is 27 of 83
Answer Stats
都道府県 市町村 路線名 会社 % Correct
宮城県 名取市 仙台空港線 仙台空港鉄道
73%
東京都 足立区 大師線 東武鉄道
68%
神奈川県 川崎市 大師線 京浜急行電鉄
68%
福島県 福島市 飯坂線 福島交通
66%
東京都 大田区 空港線 京浜急行電鉄
66%
愛知県 常滑市 空港線 名古屋鉄道
66%
東京都 府中市 競馬場線 京王電鉄
60%
東京都 日野市 動物園線 京王電鉄
53%
神奈川県 横浜市 こどもの国線 横浜高速鉄道
53%
東京都 八王子市 高尾線 京王電鉄
49%
東京都 東村山市 西武園線 西武鉄道
48%
神奈川県 横浜市 みなとみらい21線 横浜高速鉄道
48%
東京都 葛飾区 金町線 京成電鉄
47%
東京都 世田谷区 世田谷線 東急電鉄
46%
東京都 練馬区 豊島線 西武鉄道
45%
千葉県 銚子市 銚子電気鉄道線 銚子電気鉄道
43%
長野県 松本市 上高地線 アルピコ交通
43%
宮崎県 宮崎市 宮崎空港線 JR九州
41%
栃木県 日光市 鬼怒川線 東武鉄道
40%
千葉県 佐倉市 ユーカリが丘線 山万
39%
埼玉県 所沢市 狭山線 西武鉄道
39%
東京都 練馬区 西武有楽町線 西武鉄道
38%
神奈川県 横浜市 東急新横浜線 東急電鉄
38%
茨城県 龍ケ崎市 竜ヶ崎線 関東鉄道
38%
千葉県 浦安市 ディズニーリゾートライン 舞浜リゾートライン
37%
東京都 大田区 東急多摩川線 東急電鉄
36%
神奈川県 横浜市 相鉄新横浜線 相模鉄道
36%
千葉県 成田市 東成田線 京成電鉄
36%
千葉県 千葉市 1号線 千葉都市モノレール
36%
千葉県 千葉市 2号線 千葉都市モノレール
36%
和歌山県 御坊市 紀州鉄道線 紀州鉄道
35%
和歌山県 和歌山市 和歌山港線 南海電気鉄道
34%
長野県 上田市 別所線 上田電鉄
33%
静岡県 浜松市 遠州鉄道線 遠州鉄道
33%
茨城県 ひたちなか市 湊線 ひたちなか海浜鉄道
32%
京都府 京都市 嵐山線 阪急電鉄
32%
徳島県 鳴門市 鳴門線 JR四国
32%
岐阜県 羽島市 羽島線 名古屋鉄道
31%
静岡県 静岡市 静岡清水線 静岡鉄道
31%
富山県 黒部市 本線 黒部峡谷鉄道
30%
兵庫県 西宮市 武庫川線 阪神電気鉄道
30%
富山県 富山市 富山港線 富山地方鉄道
29%
愛知県 豊川市 豊川線 名古屋鉄道
29%
愛知県 名古屋市 西名古屋港線 名古屋臨海高速鉄道
29%
愛知県 名古屋市 築港線 名古屋鉄道
28%
三重県 四日市市 八王子線 四日市あすなろう鉄道
28%
滋賀県 大津市 石山坂本線 京阪電気鉄道
28%
京都府 京都市 鴨東線 京阪電気鉄道
28%
島根県 出雲市 大社線 一畑電車
28%
大阪府 大阪市 桜島線 JR西日本
27%
神奈川県 横浜市 金沢シーサイドライン 横浜シーサイドライン
26%
静岡県 富士市 岳南鉄道線 岳南電車
26%
三重県 四日市市 内部線 四日市あすなろう鉄道
26%
三重県 鈴鹿市 鈴鹿線 近畿日本鉄道
26%
大阪府 泉南郡岬町 多奈川線 南海電気鉄道
26%
富山県 富山市 不二越線 富山地方鉄道
25%
三重県 伊賀市 伊賀線 伊賀鉄道
25%
京都府 京都市 鞍馬線 叡山電鉄
25%
和歌山県 和歌山市 加太線 南海電気鉄道
25%
広島県 広島市 可部線 JR西日本
25%
京都府 京都市 叡山本線 叡山電鉄
24%
兵庫県 西宮市 甲陽線 阪急電鉄
24%
兵庫県 神戸市 有馬線 神戸電鉄
24%
兵庫県 姫路市 網干線 山陽電気鉄道
24%
大阪府 大阪市 難波線 近畿日本鉄道
23%
大阪府 高石市 高師浜線 南海電気鉄道
23%
広島県 広島市 広島新交通1号線 広島新交通
23%
大阪府 大阪市 大阪環状線 JR西日本
22%
大阪府 大阪市 中之島線 京阪電気鉄道
22%
山口県 岩国市 錦川清流線 錦川鉄道
22%
滋賀県 甲賀市 信楽線 信楽高原鐡道
20%
大阪府 八尾市 信貴線 近畿日本鉄道
20%
大阪府 貝塚市 水間線 水間鉄道
20%
兵庫県 三田市 公園都市線 神戸電鉄
20%
愛媛県 松山市 高浜線 伊予鉄道
20%
兵庫県 神戸市 六甲アイランド線 神戸新交通
17%
兵庫県 神戸市 ポートアイランド線 神戸新交通
17%
福岡県 北九州市 小倉線 北九州高速鉄道
15%
岡山県 倉敷市 水島本線 水島臨海鉄道
12%
熊本県 熊本市 藤崎線 熊本電気鉄道
11%
富山県 射水市 新湊港線 万葉線
10%
福岡県 北九州市 門司港レトロ観光線 平成筑豊鉄道
10%
愛知県 名古屋市 ガイドウェイバス志段味線 名古屋ガイドウェイバス
8%
No matching quizzes found
Score Distribution
Percent of People with Each Score
Percentile by Number Answered
Your Score History
You have not taken this quiz since the last reset